| 000 | 00922cam a22002655a 4500 | ||
|---|---|---|---|
| 005 | 20150817095927.0 | ||
| 008 | 130122t2007 si a|||fr|||| 001 0 eng d | ||
| 010 | _a 2004269766 | ||
| 020 | _a9780132038140 | ||
| 022 | _a0132038145 | ||
| 082 | 0 | 0 |
_a620.103 _bHIB _222 |
| 100 | 1 |
_aHibbeler, R. C. _931969 |
|
| 245 | 1 | 0 |
_aEngineering Mechanics :Statics : _bStatics Study Pack Chapter Reviews, Free-Body Diagram Workbook, Problems Website/ _cR.C. Hibbeler, Peter Schiavone. |
| 246 | 3 | 0 | _aStatics. |
| 250 | _a11th ed. | ||
| 260 |
_aSingapore : _bPrentice Hall, _cc.2007. |
||
| 300 |
_axvi, 144 p. : _b ill. ; _c25 cm. |
||
| 500 | _aStatics Study Pack Chapter Reviews, Free-Body Diagram Workbook, Problems Website | ||
| 590 | _adoaa mohamed | ||
| 650 | 0 |
_aStatics. _931970 _2BUEsh |
|
| 651 | _2BUEsh | ||
| 653 |
_bENGGEN _cAugust2015 |
||
| 700 |
_aSchiavone, Peter. _931971 |
||
| 942 |
_cTB _k620.103 HIB _2ddc |
||
| 999 |
_c5900 _d4936 |
||